Obras de lisandro de la torre. tomo 3 /

Guardado en:
Autor Principal: Torre, Lisandro De La
Formato: Libro
Publicado: Buenos Aires : Hemisferio, 1957
Edición:3a. ed.
Materias:
Etiquetas: Agregar Etiqueta
Sin Etiquetas, Sea el primero en etiquetar este registro!
LEADER 00537nam a22001695a 4500
001 EHU.bham015021
003 AR-BHAM
005 20071025151839.0
008 130507s1957##################000#0#####d
082 9 8 |a 982.06 
100 1 |a Torre, Lisandro De La 
245 1 0 |a Obras de lisandro de la torre. tomo 3 /  |c Lisandro De La Torre 
250 |a 3a. ed. 
260 |a Buenos Aires :  |b Hemisferio,  |c 1957 
505 0 |a Temas filosóficos 
653 |a Historia de argentina-1910- 
859 |a AR-BHAM  |b BIB. HUMANIDADES - General  |h 982.06  |i T635  |p 272.68  |t Ej.1  |v III  |3 III